Управляемое структурообразование в производстве строительных материалов (Record no. 8874180)

MARC details
000 -МАРКЕР
контрольное поле 01332nam0a22002771 4500
001 - ИДЕНТИФИКАТОР ЗАПИСИ
контрольное поле rc\4901886
005 - ИДЕНТИФИКАТОР ВЕРСИИ
контрольное поле 20260407051809.0
021 ## - НОМЕР ГОСУДАРСТВЕННОЙ РЕГИСТРАЦИИ
Код страны российская федерация
Номер [69-8948]
035 ## - ДРУГИЕ СИСТЕМНЫЕ НОМЕРА
Идентификатор записи (NLR Aleph) 008929252
100 ## - ДАННЫЕ ОБЩЕЙ ОБРАБОТКИ
Данные общей обработки 20130426d1968 |||y0rusy50 ca
101 0# - ЯЗЫК РЕСУРСА
Язык текста, звукозаписи и т.д. русский
102 ## - СТРАНА ПУБЛИКАЦИИ ИЛИ ПРОИЗВОДСТВА
Страна публикации российская федерация
105 ## - ПОЛЕ КОДИРОВАННЫХ ДАННЫХ: ТЕКСТОВЫЕ МАТЕРИАЛЫ, МОНОГРАФИЧЕСКИЕ
Кодированные данные о монографическом текстовом документе a z |||||
200 1# - ЗАГЛАВИЕ И СВЕДЕНИЯ ОБ ОТВЕТСТВЕННОСТИ
Основное заглавие Управляемое структурообразование в производстве строительных материалов
Сведения, относящиеся к заглавию [Сборник статей
Первые сведения об ответственности Ред. коллегия: Ж.Г. Гасан и др.]
Последующие сведения об ответственности Харьк. ин-т инженеров ж.-д. транспорта им. С.М. Кирова
210 ## - ПУБЛИКАЦИЯ, РАСПРОСТРАНЕНИЕ И ДР.
Место издания, распространения и т.д. Киев
Имя издателя, распространителя и т. д. Будiвельник
Дата издания, распространения и т.д. 1968
215 ## - ФИЗИЧЕСКАЯ ХАРАКТЕРИСТИКА
Специфическое обозначение материала и объем 164 с.
Другие сведения о физической характеристике ил.
Размеры 21
320 ## - ПРИМЕЧАНИЯ О НАЛИЧИИ В ДОКУМЕНТЕ БИБЛИОГРАФИИ / УКАЗАТЕЛЯ
Текст примечания Библиогр. в конце статей
606 ## - НАИМЕНОВАНИЕ ТЕМЫ КАК ПРЕДМЕТ
Наименование темы Строительные материалы
Тематический подзаголовок Структурно-механические свойства
Формальный подзаголовок Сборники
Код системы psbo
702 #1 - ИМЯ ЛИЦА - ВТОРИЧНАЯ ОТВЕТСТВЕННОСТЬ
Начальный элемент ввода Гасан
Часть имени, кроме начального элемента ввода Ж.Г.
Расширение инициалов личного имени Жанна Гусейновна
Код отношения Редактор
712 02 - НАИМЕНОВАНИЕ ОРГАНИЗАЦИИ - ВТОРИЧНАЯ ОТВЕТСТВЕННОСТЬ
Начальный элемент ввода Харьковский институт инженеров железнодорожного транспорта им. С. М. Кирова
Идентификатор авторитетной/нормативной записи RU\NLR\AUTH\8810021149
Системный номер авторитетной/нормативной записи 540289
801 #0 - ИСТОЧНИК ЗАПИСИ
Страна российская федерация
Организация NLR
Правила каталогизации psbo
801 #1 - ИСТОЧНИК ЗАПИСИ
Страна российская федерация
Организация ELAR
Источник данных rusmarc
852 ## - МЕСТОНАХОЖДЕНИЕ И ШИФР ХРАНЕНИЯ
Идентификатор организации NLR
Шифр хранения (Call Number) 69-5/1288
942 ## - ДОПОЛНИТЕЛЬНЫЕ ЭЛЕМЕНТЫ ЗАПИСИ (АБИС)
Тип экземпляра АБИС Книга
980 ## - КОЛЛЕКЦИЯ
Название коллекции Национальная библиография
预约
Тип экземпляра Дата поступления Библиотека постоянного хранения Библиотека текущего хранения Место хранения Шифр хранения Штрих-код Статус не для выдачи
Книга 26.10.2013 РНБ (Московский) РНБ (Московский) Русский книжный фонд: издания с 1957 года, 3этаж Хран 69-5/1288 8929252-10